| 000 | 00622ntaaa2200181 4500 | ||
|---|---|---|---|
| 003 | 01 | ||
| 005 | 20251027202225.0 | ||
| 008 | 0714s1973 ag 01 | ||
| 040 |
_aAR-BaBN _bspa _cAR-BaBN _eaacr _dRIC |
||
| 082 | _a268.0100 C76 | ||
| 100 |
_aConsejo Unido de Educación Cristiana _99517 |
||
| 245 | _aRenovación de estructuras en el ministerio educacional de la iglesia | ||
| 250 | _a1 ed. | ||
| 260 |
_aBuenos Aires : _bConsejo Unido de Educación Cristiana, _c1967 |
||
| 300 | _a19 p | ||
| 500 | _aDefiniciones de la obra educativa en las iglesias Metodistas, discípulos y valdenses en el Rio de la Plata | ||
| 942 | _cBK | ||
| 999 |
_c17109 _d17109 |
||